Online English Teachers in Digos City Unveiling their Online Journey, Insights and Delights. (Record no. 6380)
[ view plain ]
| 000 -LEADER | |
|---|---|
| fixed length control field | 00617nam a22001577a 4500 |
| 008 - FIXED-LENGTH DATA ELEMENTS--GENERAL INFORMATION | |
| fixed length control field | 170309b xxu||||| |||| 00| 0 eng d |
| 082 ## - DEWEY DECIMAL CLASSIFICATION NUMBER | |
| Edition number | 2016 |
| Classification number | UT 0696 |
| Item number | J87 |
| 100 ## - MAIN ENTRY--PERSONAL NAME | |
| 9 (RLIN) | 19224 |
| Personal name | Juaner, Paul Francis A. |
| 245 ## - TITLE STATEMENT | |
| Title | Online English Teachers in Digos City Unveiling their Online Journey, Insights and Delights. |
| Statement of responsibility, etc. | Pual Francis A. Juaner, Conelyn M. Allawan and Rebecca M. Mejia. |
| 300 ## - PHYSICAL DESCRIPTION | |
| Extent | 47 pages; |
| Other physical details | 29 cm. |
| 650 #0 - SUBJECT ADDED ENTRY--TOPICAL TERM | |
| 9 (RLIN) | 19226 |
| Topical term or geographic name as entry element | Education |
| Form subdivision | English |
| General subdivision | Undergraduate Thesis. |
| 700 ## - ADDED ENTRY--PERSONAL NAME | |
| 9 (RLIN) | 19227 |
| Personal name | Juaner, Paul Francis A. |
| 700 ## - ADDED ENTRY--PERSONAL NAME | |
| 9 (RLIN) | 19228 |
| Personal name | Allawan, Conelyn M. |
| 700 ## - ADDED ENTRY--PERSONAL NAME | |
| 9 (RLIN) | 19229 |
| Personal name | Mejia, Rebecca M. |
| 942 ## - ADDED ENTRY ELEMENTS (KOHA) | |
| Source of classification or shelving scheme | Dewey Decimal Classification |
| Koha item type | Undergraduate Thesis |
| Withdrawn status | Lost status | Source of classification or shelving scheme | Damaged status | Not for loan | Home library | Current library | Date acquired | Total Checkouts | Full call number | Barcode | Date last seen | Copy number | Price effective from | Koha item type |
|---|---|---|---|---|---|---|---|---|---|---|---|---|---|---|
| Dewey Decimal Classification | UM Digos College - LIC | UM Digos College - LIC | 11/07/2016 | UT 0696 J87 2016 | UT0696 | 03/09/2017 | 1 | 03/09/2017 | Undergraduate Thesis | |||||
| Dewey Decimal Classification | UM Digos College - LIC | UM Digos College - LIC | 02/27/2017 | UT 0760 J87 2016 | UT0760 | 04/24/2017 | 2 | 04/24/2017 | Undergraduate Thesis |
